000 00627nam a2200217Ii 4500
001 14376
003 CO-ViMGA
008 241108s9999||||xx |||||||||||||| ||und||
020 _a9586354679
040 _aCO-ViMGA
_bspa
_erda
_cCO-ViMGA
041 0 _aspa
082 0 4 _a350.986 O74p
100 1 _aMaría del Pilar Orjuela Bossa
_950135
245 1 0 _aProceso disciplinario en la práctica
264 1 _aBogotá, Colombia : ABC, 2003
300 _avolumen
336 _atext
_btxt
_2rdacontent
337 _aunmediated
_bn
_2rdamedia
338 _avolume
_bnc
_2rdacarrier
940 _aidficha_siabuc: 14072. -- ficha_no_siabuc:14376
999 _c44813
_d44813